000 nam a22 7a 4500
999 _c153143
_d153141
005 20191209152615.0
008 191126b mx ||||| |||| 00| 0 spa d
020 _a9501403963
050 0 4 _aGV943
_bV56 1987
245 1 0 _aViolencia, delito y deporte
_c/ Agozino, Altamirano, Castigliione, Cuevillas, Levene (h), Romero ; coordinador Ricardo Levene (h).)
250 _a1a ed.
260 _aBuenos Aires :
_bEdiciones depalma,
_c1987
300 _axiv, 119 p. ;
_c20 cm.
490 0 _aTemas penales ;
_v2
650 7 _2lemb
_aFĂștbol
650 7 _2lemb
_aViolencia
700 _aAgozino, Adalberto C.,
_ecolaborador
700 _aLevene, Ricardo,
_ecoordinador
942 _2lcc
_cLIB